000 00390nam a22001577a 4500
003 OSt
008 200714b ||||| |||| 00| 0 eng d
082 _a615.19 SRP
100 _aSrivastava , Ashish & Mishra
245 _aPharmaceutical Organic chemistry-2
250 _a2019
260 _aAgra
_bNarain
300 _aPg-160
650 _aPharmaceutical Organic Chemisty
942 _2ddc
_cBK
999 _c8941
_d8941